000 00351nam a2200157Ia 4500
008 241014s9999||||xx |||||||||||||| ||und||
020 _a_
060 _aHD31A1997
100 _aASM Group
245 0 _aGreat Ideas Of Management
250 _a1997
260 _aASM Group
_bASM Group
300 _a211
650 _aManagement
942 _bIBHM
_cBK
999 _c16319
_d16319